Certifikát by nemal byť iba papier

Energetická hospodárnosť budov. Povinný energetický certifikát. Energetický certifikát ako dôležitý doklad pri kúpe budovy. Situácia v únii. Cieľ EÚ - do roku 2020 znížiť spotrebu energie o 20 percent. Príprava jednotnej definície budovy s takmer nulovou spotrebou energie. Využitie obnoviteľných zdr...

Ausführliche Beschreibung

Gespeichert in:
Bibliographische Detailangaben
1. Verfasser: Hudec, Marián
Format: Buchkapitel
Sprache:Slowakisch
Schlagworte:
Tags: Tag hinzufügen
Keine Tags, Fügen Sie das erste Tag hinzu!

MARC

LEADER 00000naa a2200000 4500
001 0151743
005 20231011123052.6
041 0 |a slo 
044 |a SK 
245 1 0 |a Certifikát by nemal byť iba papier  |c Marián Hudec 
520 |a Energetická hospodárnosť budov. Povinný energetický certifikát. Energetický certifikát ako dôležitý doklad pri kúpe budovy. Situácia v únii. Cieľ EÚ - do roku 2020 znížiť spotrebu energie o 20 percent. Príprava jednotnej definície budovy s takmer nulovou spotrebou energie. Využitie obnoviteľných zdrojov energie. 
610 2 0 |a budovy 
610 2 0 |a stavby 
610 2 0 |a hospodárnosť 
610 2 0 |a energetika 
610 2 0 |a certifikáty 
610 2 0 |a zdroje energie obnoviteľné 
610 2 0 |a Slovensko 
610 2 0 |a Európska únia 
100 1 |a Hudec, Marián